Trends in European forest tree physiology research : (Record no. 18161)

MARC details
000 -LEADER
fixed length control field 03299cam a22003494a 4500
001 - CONTROL NUMBER
control field 12492265
003 - CONTROL NUMBER IDENTIFIER
control field OSt
005 - DATE AND TIME OF LATEST TRANSACTION
control field 20211115100534.0
008 - FIXED-LENGTH DATA ELEMENTS--GENERAL INFORMATION
fixed length control field 010803s2001 ne a b 001 0 eng
010 ## - LIBRARY OF CONGRESS CONTROL NUMBER
LC control number 2001038661
020 ## - INTERNATIONAL STANDARD BOOK NUMBER
International Standard Book Number 1402000235 (alk. paper)
040 ## - CATALOGING SOURCE
Original cataloging agency DLC
Transcribing agency HU
Modifying agency DLC
042 ## - AUTHENTICATION CODE
Authentication code pcc
043 ## - GEOGRAPHIC AREA CODE
Geographic area code e------
050 00 - LIBRARY OF CONGRESS CALL NUMBER
Classification number QK711.2
Item number .T74 2001
082 00 - DEWEY DECIMAL CLASSIFICATION NUMBER
Classification number 571.2/216
Edition number 21
245 00 - TITLE STATEMENT
Title Trends in European forest tree physiology research :
Remainder of title Cost Action E6 : EUROSILVA /
Statement of responsibility, etc. edited by Satu Huttunen ... [et al.].
260 ## - PUBLICATION, DISTRIBUTION, ETC.
Place of publication, distribution, etc. Dordrecht ;
-- Boston :
Name of publisher, distributor, etc. Kluwer Academic Publishers,
Date of publication, distribution, etc. c2001.
300 ## - PHYSICAL DESCRIPTION
Extent vii, 262 p. :
Other physical details ill. ;
Dimensions 25 cm.
440 #0 - SERIES STATEMENT/ADDED ENTRY--TITLE
Title Tree physiology ;
Volume/sequential designation v. 2
9 (RLIN) 18298
504 ## - BIBLIOGRAPHY, ETC. NOTE
Bibliography, etc. note Includes bibliographical references and index.
505 8# - FORMATTED CONTENTS NOTE
Formatted contents note Machine generated contents note: SECTION I: BASIC TREE PHYSIOLOGY -- Cambial cell biology comes of age -- N. Chaffey -- Physiology of cambial growth, storage of reserves and heartwood formation -- E. Magel -- Insights into bud development and dormancy in poplar -- A. Rohde and W. Boerjan -- Physiology of tree root/fungus symbiosis -- R. Hampp and U. Nehls -- SECTION II: STRESS PHYSIOLOGY -- Understanding the role of ozone stress in altering belowground processes -- C. P. Andersen -- Ozone-induced cell death -- J. Kangasjirvi, H. Tuominen and K. Overmyer -- Signalling and antioxidant defence mechanisms in higher plants -- S. Karpinski, B. Karpinska, M. Meltzer J-E. Hillgren and G. Wingsle -- Effect of ozone on conifers in the timberline ecotone -- G. Wieser and W Havranek -- Ageing as an influence on tree response to ozone: theory and observations -- T E. Kolb -- Ozone and UV-B responses of trees and the question of forest sustainability -- C. Langebartels, S. Anegg, K. Hahn, H. Chiron, A. Drouet, D. Ernst, -- W. Heller, J-P Schnitzler, R. Schubert, C. Zinser and H. Sandermann -- Investigations on the action of fungal toxins on plants -- W OBwald, I Heiser, J.Fromm, A. Albrecht and M. Brummer -- SECTION III: TREES AND THEIR ENVIRONMENT -- Effects of atmospheric CO2 on growth and branchiness of different -- poplar (Populus) genotypes in the POPFACE experiment -- B. Cielen, C. Calfapietra, J.A. Janssens, G. Scarascia-Mugnozza and -- R. Ceulemans -- Biotic interactions -- W. Beyschlag -- The influence of the environment during sexual reproduction on adaptations -- of conifers along latitudinal and altitudinal gradients -- 0. Johnsen and T. Skroppa -- SECTION IV: FUTURE ASPECTS OF TREE PHYSIOLOGY -- Tree physiology goes genomics -- B. Sundberg -- Water, nutrients and carbon; altitude and ageing -- P G. Jarvis, S. Linder and S. Huttunen -- Trends in forest tree physiological research -- R. Matyssek -- Author index -- Index.
650 #0 - SUBJECT ADDED ENTRY--TOPICAL TERM
Topical term or geographic name entry element Trees
General subdivision Physiology
Geographic subdivision Europe.
9 (RLIN) 18299
650 #0 - SUBJECT ADDED ENTRY--TOPICAL TERM
Topical term or geographic name entry element Trees
General subdivision Physiology
-- Research
Geographic subdivision Europe.
9 (RLIN) 18300
700 1# - ADDED ENTRY--PERSONAL NAME
Personal name Huttunen, Satu.
9 (RLIN) 18301
710 2# - ADDED ENTRY--CORPORATE NAME
Corporate name or jurisdiction name as entry element EUROSILVA (Program)
9 (RLIN) 18302
856 41 - ELECTRONIC LOCATION AND ACCESS
Materials specified Table of Contents
Uniform Resource Identifier <a href="http://www.loc.gov/catdir/toc/fy02/2001038661.html">http://www.loc.gov/catdir/toc/fy02/2001038661.html</a>
856 42 - ELECTRONIC LOCATION AND ACCESS
Materials specified Publisher description
Uniform Resource Identifier <a href="http://www.loc.gov/catdir/enhancements/fy0822/2001038661-d.html">http://www.loc.gov/catdir/enhancements/fy0822/2001038661-d.html</a>
906 ## - LOCAL DATA ELEMENT F, LDF (RLIN)
a 7
b cbc
c orignew
d 1
e ocip
f 20
g y-gencatlg
942 ## - ADDED ENTRY ELEMENTS (KOHA)
Source of classification or shelving scheme Dewey Decimal Classification
Koha item type Books like text book referance book
Suppress in OPAC No
Holdings
Withdrawn status Lost status Source of classification or shelving scheme Damaged status Not for loan Collection code Home library Current library Shelving location Date acquired Total Checkouts Full call number Barcode Date last seen Copy number Price effective from Koha item type
    Dewey Decimal Classification     Reference Wondo Genet Library Wondo Genet Library General Stacks 11/15/2021   571.2/216 WGCFNRL00006924 11/15/2021 1 11/15/2021 Books like text book referance book